| 000 | 00634nam a22002057a 4500 | ||
|---|---|---|---|
| 003 | OSt | ||
| 005 | 20240618075524.0 | ||
| 006 | a | ||
| 008 | 240618b |||||||| |||| 00| 0 eng d | ||
| 020 | _a0534166385 | ||
| 040 |
_aDWCL-Main lib. _cOC |
||
| 082 |
_2Second edition _aCirc. 158.7 S111i 1995 |
||
| 100 | _aSaal, Frank E | ||
| 245 | _aIndustrial/organizational psychology : science and practice / | ||
| 250 | _aSecond edition | ||
| 300 |
_axvii, _b589 p. : b & w ill. ; _c23 cm. |
||
| 504 | _aIncludes bibliographical references & index. | ||
| 650 | _a1. Psychology, Industrial. | ||
| 942 |
_2ddc _n0 _cBK-CIRC _eSecond edition _kCirc. |
||
| 999 |
_c833 _d833 |
||